000 00833nam a2200229 4500
999 _c64222
_d64222
005 20240530110720.0
008 180321s2016 ua a g b 000 0 ara d
017 _a27989
_bمصر. دار الكتب
020 _a9789773805135
040 _aEG-CaGPL
_cEG-CaGPL
082 0 4 _221
_a681.7671\
_bأ ت
100 0 _aاحمد زكى حلمى
245 1 2 _aالتشغيل على الماكينات :
_bالمقاشط - الفرايز - التجليخ /
_cتأليف احمد زكى حلمى .
250 _aط.1
260 _aالقاهرة :
_bدار العلوم للنشر والتوزيع،
_c2017 .
300 _a292 ص. ؛
_c24 سم.
650 0 7 _2qrmak
_aالات البرادة
650 0 7 _2qrmak
_aالات قطع المعادن
651 _2qrmak
942 _2ddc
_cBK